000 00919nas a2200265Ia 4500
001 A50/R028-19840 [r000018990]
003 IT-MiCISF
008 161014c99999999xx |||||||||||| ||und||
040 _aIT-MiCISF
_cIT-MiCISF
041 _aITALIANO
100 _aCattaneo Mario
210 _aLa famiglia
222 _aLa famiglia
245 0 _aPer una nuova partecipazione
250 _a1a ed.
260 _c1974
501 _bCISF - Centro Internazionale Studi Famiglia - Via Giotto, 36 20145 MILANO (non commercial uses only)
_cCopyright 2016
300 _app. 451-496
362 _an. 48, novembre-dicembre [1974]
500 _aMencarelli M., Cammelli S., Corradini L., Calzecchi Onesti R., Petracchi G., Campanini G. Tema: scuola, famiglia, problemi-educazione, comunità, autorità, politiche-sociali
650 _aSCUOLA
_vdossier
700 _aAA.VV.
942 _cCR
957 _71
999 _a19840
_bSi
_g1
_c242566
_d242566